[Event "Dubai op-B 23rd"]
[Site "Dubai"]
[Date "2023.06.03"]
[Round "8"]
[White "Mesfer, Al Mesafri"]
[Black "Safin, Safarullakhan"]
[Result "0-1"]
[WhiteElo "1202"]
[BlackElo "1546"]
[PlyCount "111"]
[EventDate "2023.05.27"]
[EventType "swiss"]
[EventRounds "9"]
[EventCountry "UAE"]
[SourceTitle "CBM 214 Extra"]
[Source "ChessBase"]
[SourceDate "2023.07.31"]
[SourceVersion "1"]
[SourceVersionDate "2023.07.31"]
[SourceQuality "1"]

1. d4 Nf6 2. c4 e6 3. Nf3 b6 4. g3 Ba6 5. Nbd2 c5 6. Bg2 Nc6 7. e3 cxd4 8. Nxd4 Bb7 9. 0-0 Be7 10. a3 0-0 11. b3 Qc8 12. Bb2 Nxd4 13. Bxb7 Qxb7 14. Bxd4 d5 15. Qf3 Rad8 16. Rac1 Qb8 17. b4 e5 18. Bb2 e4 19. Qe2 Qb7 20. Nb3 Qd7 21. Kg2 h6 22. Rfd1 Qb7 23. Nd4 dxc4 24. Rxc4 Nh7 25. Rdc1 Bf6 26. Nf5 Qd7 27. Nd4 Ng5 28. Qh5 Kh7 29. Rc7 Qd5 30. Qg4 Nf3 31. Ba1 Nxd4 32. Bxd4 Bxd4 33. exd4 e3+ 34. Qf3 exf2 35. Qxd5 Rxd5 36. Rxa7 Rxd4 37. Rf1 Rd3 38. Rxf2 f6 39. Rf3 Rdd8 40. Rb7 Rd2+ 41. Rf2 Rd3 42. Rf3 Rd6 43. Re3 f5 44. Ree7 Rg6 45. Kf3 Rff6 46. Rb8 Rc6 47. Ree8 Rgf6 48. Kf4 Rc4+ 49. Kf3 f4 50. gxf4 Rcxf4+ 51. Kg2 Rg4+ 52. Kh3 Rg1 53. Re3 Rf5 54. Kh4 b5 55. Rb7 Rg2 56. Kh3 0-1

[Event "Dubai op-B 23rd"]
[Site "Dubai"]
[Date "2023.05.30"]
[Round "4"]
[White "Sahin, Sarp"]
[Black "Safin, Safarullakhan"]
[Result "1-0"]
[WhiteElo "1837"]
[BlackElo "1546"]
[PlyCount "93"]
[EventDate "2023.05.27"]
[EventType "swiss"]
[EventRounds "9"]
[EventCountry "UAE"]
[SourceTitle "CBM 214 Extra"]
[Source "ChessBase"]
[SourceDate "2023.07.31"]
[SourceVersion "1"]
[SourceVersionDate "2023.07.31"]
[SourceQuality "1"]

1. e4 e6 2. d4 d5 3. Nc3 Bb4 4. exd5 exd5 5. Bd3 Ne7 6. Nge2 0-0 7. 0-0 c6 8. Bf4 Bf5 9. Re1 Nd7 10. a3 Bxc3 11. Nxc3 Bxd3 12. Qxd3 Ng6 13. Bg3 Nb6 14. b3 f5 15. f3 f4 16. Bf2 Qg5 17. Re2 Nc8 18. Rae1 Nd6 19. Na4 b6 20. Re6 Nf5 21. Rxc6 Rae8 22. Ree6 Ne3 23. g3 fxg3 24. hxg3 Nf5 25. Kh2 Rxe6 26. Rxe6 Qh5+ 27. Kg1 Nfh4 28. gxh4 Nf4 29. Re5 Qf7 30. Qe3 h6 31. Re7 Qg6+ 32. Kf1 Qg2+ 33. Ke1 Qh2 34. Qe5 Rf6 35. Nc3 Qh1+ 36. Kd2 Qxf3 37. Qe3 Ng6 38. Re8+ Kf7 39. Nd1 Qf5 40. Bg3 Rc6 41. c3 Nf8 42. Qe7+ Kg8 43. Bd6 Kh7 44. Qxf8 Qg4 45. Ne3 Qh3 46. Re7 Rxd6 47. Rxg7# 1-0

[Event "Wch U08"]
[Site "Batumi"]
[Date "2022.09.17"]
[Round "2"]
[White "Oh, Sejun"]
[Black "Safin, Safarullakhan"]
[Result "0-1"]
[WhiteElo "1129"]
[BlackElo "1377"]
[PlyCount "36"]
[EventDate "2022.09.16"]
[EventType "swiss"]
[EventRounds "11"]
[EventCountry "GEO"]
[SourceTitle "EXT 2023"]
[Source "ChessBase"]
[SourceDate "2022.10.05"]
[SourceVersion "1"]
[SourceVersionDate "2022.10.05"]
[SourceQuality "1"]

1. d4 Nf6 2. Bf4 d5 3. e3 e6 4. Nf3 b6 5. Nbd2 Bb7 6. Bd3 Nbd7 7. c3 Bd6 8. Bg3 Qe7 9. Ne5 Bxe5 10. dxe5 Ne4 11. f4 Nxg3 12. hxg3 0-0-0 13. Qc2 Nc5 14. Be2 Ne4 15. g4 Ng3 16. Rg1 Nxe2 17. Kxe2 Qh4 18. Nf3 Qh6 0-1